|
|
|
|
| LEADER |
00996nam a2200277 4500 |
| 001 |
DLU120143864 |
| 005 |
##20121119 |
| 040 |
# |
# |
|a DLU
|b vie
|
| 041 |
# |
# |
|a vie
|
| 044 |
# |
# |
|a vn
|
| 100 |
# |
# |
|a Thái Ngọc Chiến.
|
| 245 |
# |
# |
|a Ứng dụng mô hình tính sức tải môi trường cho nuôi Ốc hương thâm canh ở vịnh Vân Phong , Vạn Ninh, Khánh Hòa /
|c Thái Ngọc Chiến... [và những người khác].
|
| 700 |
# |
# |
|a Bùi Hồng Long
|
| 700 |
# |
# |
|a Knut Barthel
|
| 700 |
# |
# |
|a Rune Rosland
|
| 700 |
# |
# |
|a Vũ Tuấn Anh
|
| 773 |
# |
# |
|t Tuyển tập báo cáo khoa học: Hội thảo động vật thân mềm toàn quốc, lần thứ tư - Nha Trang, 5-6/09/2005,
|g 2007, tr. 274-285
|
| 920 |
# |
# |
|a Phòng Tạp chí -- Trung tâm Thông tin - Thư viện Trường Đại học Đà Lạt
|
| 994 |
# |
# |
|a DLU
|
| 900 |
# |
# |
|a True
|
| 911 |
# |
# |
|a Nguyễn Thị Mai Anh
|
| 925 |
# |
# |
|a G
|
| 926 |
# |
# |
|a A
|
| 927 |
# |
# |
|a BB
|
| 980 |
# |
# |
|a Thư viện Trường Đại học Đà Lạt
|